000 00592nmm a2200169Ia 4500
008 251105s9999||||xx |||||||||||||||||und||
020 _a9781643361963
041 _aeng
100 _aMitchell, Kevin
245 0 _aTaste the State :
_b South Carolina's Signature Foods, Recipes, and Their Stories
264 _a[Washington, Estados Unidos] :
_bUniversity of South Carolina Press,
_c[Fecha de publicación no identificada]
300 _a247 pƔginas
700 _aMitchell, Kevin
700 1 _a Shields, David S.
856 _uhttps://public.digitaliapublishing.com/a/107977
942 _cCF
999 _c68890
_d68890